000
00312nam a22001337a 4500
020
_a
0-7513-6902-0
082
_a
030
_b
DOR/J
100
_a
DORLING KINDERSLEY
245
_a
JUNGLE ANIMALS
_b
PICTUREPEDIA
260
_a
LONDON
_b
DK BOOKS
_c
1993
300
_a
48
650
_a
ENCYCLOPEDIA
_z
UNITED KINGDOM
942
_c
BK
999
_c
2266
_d
2266